000 00834cam a2200241 a 4500
001 13925353
005 20250125162812.0
008 050330s2004 gh 001 0 eng
020 _a9988626177
050 0 0 _aZ7165.G5
_bA73 2004
_aHQ686.8
082 0 0 _a016.30685/09667
_222
100 1 _aArdayfio-Schandorf, Elizabeth.
245 1 0 _aBridges of development :
_ba compendium of gender and the Ghanaian family /
_cElizabeth Ardayfio-Schandorf.
260 _aAccra :
_bWoeli Pub. Services,
_c2004.
300 _axv, 624 p. ;
_c24 cm.
500 _aIncludes indexes.
650 0 _aFamilies
_zGhana
_vBibliography.
650 0 _aWomen
_zGhana
_vBibliography.
650 0 _aBirth control
_zGhana
_vBibliography.
650 0 _aFertility, Human
_zGhana
_vBibliography.
650 0 _aHuman services
_zGhana
_vBibliography.
942 _2lcc
_cBK
_n0
999 _c3080
_d3080